[Event "1. Bundesliga 2010/2011"]
[Site "Graz"]
[Date "2010.11.20"]
[Round "2"]
[Board "5"]
[White "Schachinger, Mario"]
[Black "Rumpl, Erwin"]
[Result "1-0"]
[WhiteElo "2368"]
[BlackElo "2326"]
[PlyCount "81"]
[EventDate "2010.11.19"]
[EventType "team"]
[EventRounds "11"]
[EventCountry "AUT"]
[WhiteTeam "SK MPOE Maria Saal"]
[BlackTeam "ASVOE VHS Poechlarn"]

1.Nf3 d5 2.d4 c6 3.c4 Nf6 4.Nc3 dxc4 5.a4 c5 6.d5 e6 7.e4 Nxe4 8.Nxe4 exd5 9.Nc3
Be6 10.Ng5 Nc6 11.Be2 Be7 12.Nxe6 fxe6 13.Bh5+ g6 14.Bg4 Kf7 15.O-O Bf6 16.Re1
Nd4 17.Nb5 Re8 18.Ra3 e5 19.Rh3 Kg8 20.Qd2 Re7 21.Nc3 Qd6 22.Bf3 e4 23.Bd1 Rd8
24.Qh6 Nf5 25.Qf4 Qxf4 26.Bxf4 e3 27.Bf3 exf2+ 28.Kxf2 Rxe1 29.Kxe1 d4 30.Nd5
Bg7 31.g4 Nd6 32.Ne7+ Kf8 33.Rxh7 Rd7 34.Nxg6+ Ke8 35.Bxd6 c3 36.bxc3 dxc3
37.Rxg7 Rxg7 38.Be4 Rd7 39.Be5 c2 40.Bxc2 Kf7 41.h4

[Event "1. Bundesliga 2010/2011"]
[Site "Graz"]
[Date "2010.11.20"]
[Round "2"]
[Board "6"]
[White "Steinmueller, Guenther"]
[Black "Halvax, Georg"]
[Result "0-1"]
[WhiteElo "2207"]
[BlackElo "2272"]
[PlyCount "102"]
[EventDate "2010.11.19"]
[EventType "team"]
[EventRounds "11"]
[EventCountry "AUT"]
[WhiteTeam "ASVOE VHS Poechlarn"]
[BlackTeam "SK MPOE Maria Saal"]

1.d4 d5 2.Nf3 Nf6 3.c4 e6 4.Nc3 c6 5.cxd5 exd5 6.Qc2 Be7 7.Bg5 Nbd7 8.e3 O-O
9.Bd3 Re8 10.O-O Nf8 11.Rab1 a5 12.a3 Ng6 13.b4 axb4 14.axb4 Ne4 15.Bxe7 Qxe7
16.Rfe1 Bf5 17.Nd2 Nh4 18.Nf1 Ra3 19.Bxe4 Rxc3 20.Qxc3 Bxe4 21.f3 Qg5 22.Ng3
Bxb1 23.Rxb1 Rxe3 24.Ra1 g6 25.Qd2 h6 26.Ra7 Re7 27.Qxg5 hxg5 28.Kf2 Kf8 29.Ra8+
Kg7 30.Ra7 Kf6 31.b5 cxb5 32.Ra5 Rc7 33.Rxb5 Rc2+ 34.Ne2 Nxg2 35.Kxg2 Rxe2+
36.Kg3 Rd2 37.Rb6+ Kg7 38.Rb4 b5 39.Rxb5 Rxd4 40.Rb6 f5 41.Rb7+ Kh6 42.Rb8 g4
43.fxg4 Rxg4+ 44.Kf3 Kg5 45.Rd8 Rd4 46.Rd6 Rd3+ 47.Kg2 Kh5 48.Rf6 d4 49.Kf2 Rd1
50.Kg2 d3 51.Rd6 d2

[Event "1. Bundesliga 2010/2011"]
[Site "Graz"]
[Date "2010.11.20"]
[Round "2"]
[Board "1"]
[White "Miroshnichenko, Evgenij"]
[Black "Lanka, Zigurds"]
[Result "1-0"]
[WhiteElo "2670"]
[BlackElo "2477"]
[PlyCount "91"]
[EventDate "2010.11.19"]
[EventType "team"]
[EventRounds "11"]
[EventCountry "AUT"]
[WhiteTeam "ASVOE Wulkaprodersdorf"]
[BlackTeam "Mayrhofen/Zillertal"]

1.d4 Nf6 2.Nf3 g6 3.c4 Bg7 4.Nc3 d6 5.e4 O-O 6.Be2 e5 7.O-O Nc6 8.d5 Ne7 9.Ne1
Nd7 10.Be3 f5 11.f3 f4 12.Bf2 g5 13.Rc1 a6 14.Nd3 Kh8 15.c5 Rg8 16.g4 fxg3
17.hxg3 Ng6 18.Kg2 Bf8 19.cxd6 Bxd6 20.Rh1 Nf6 21.Qd2 Qe7 22.Rcg1 Bd7 23.Kf1 b5
24.Qxg5 b4 25.Nd1 Rg7 26.Qd2 c6 27.dxc6 Bxc6 28.Ne3 Nxe4 29.fxe4 Bxe4 30.Rh2 Rd8
31.Nc4 Bc7 32.Qe3 Bd5 33.b3 a5 34.Rh5 a4 35.Ncxe5 Nxe5 36.Nxe5 Qe8 37.g4 axb3
38.axb3 Rd6 39.Qf4 Kg8 40.Bc4 Qe6 41.Rg3 Rd8 42.Re3 Kh8 43.Bxd5 Rxd5 44.Qf8+ Qg8
45.Rxh7+ Rxh7 46.Ng6#

[Event "1. Bundesliga 2010/2011"]
[Site "Graz"]
[Date "2010.11.20"]
[Round "2"]
[Board "2"]
[White "Maiwald, Jens-Uwe"]
[Black "Antoniewski, Rafal"]
[Result "1/2-1/2"]
[WhiteElo "2468"]
[BlackElo "2604"]
[PlyCount "62"]
[EventDate "2010.11.19"]
[EventType "team"]
[EventRounds "11"]
[EventCountry "AUT"]
[WhiteTeam "Mayrhofen/Zillertal"]
[BlackTeam "ASVOE Wulkaprodersdorf"]

1.e4 c6 2.d4 d5 3.Nd2 dxe4 4.Nxe4 Nd7 5.Ng5 Ngf6 6.Bd3 e6 7.N1f3 Bd6 8.Qe2 h6
9.Ne4 Nxe4 10.Qxe4 Qc7 11.Qg4 Kf8 12.O-O b6 13.b3 Bb7 14.Bb2 Nf6 15.Qh4 Nd5
16.Rfe1 Nf4 17.Ne5 g5 18.Qg4 Rg8 19.Qf3 Rd8 20.Rad1 c5 21.Be4 Bxe4 22.Qxe4 f5
23.Qf3 Bxe5 24.dxe5 Kf7 25.h4 Rxd1 26.Rxd1 Rd8 27.Rxd8 Qxd8 28.Bc1 Qd5 29.Bxf4
Qxf3 30.gxf3 gxf4 31.c4 Kg6

[Event "1. Bundesliga 2010/2011"]
[Site "Graz"]
[Date "2010.11.20"]
[Round "2"]
[Board "3"]
[White "Kraemer, Martin"]
[Black "Gross, David"]
[Result "0-1"]
[WhiteElo "2506"]
[BlackElo "2453"]
[PlyCount "144"]
[EventDate "2010.11.19"]
[EventType "team"]
[EventRounds "11"]
[EventCountry "AUT"]
[WhiteTeam "ASVOE Wulkaprodersdorf"]
[BlackTeam "Mayrhofen/Zillertal"]

1.d4 Nf6 2.c4 e6 3.g3 d5 4.Bg2 Bb4+ 5.Bd2 Be7 6.Nf3 Nbd7 7.O-O c6 8.Qc2 b6 9.Bf4
Ba6 10.Ne5 Nxe5 11.dxe5 Nd7 12.cxd5 cxd5 13.Rd1 Rc8 14.Nc3 b5 15.a3 Qb6 16.Qd2
Nc5 17.Be3 Qb8 18.Rab1 O-O 19.b4 Nd7 20.f4 Nb6 21.Bd4 Nc4 22.Qd3 Bd8 23.e4 dxe4
24.Nxe4 Bb7 25.Bc5 Bb6 26.Ng5 g6 27.Bxb7 Qxb7 28.Bxb6 Qxb6+ 29.Qd4 Rfd8 30.Qxb6
Nxb6 31.Rxd8+ Rxd8 32.Rc1 Nc4 33.a4 a6 34.axb5 axb5 35.Ra1 h6 36.Ne4 g5 37.Kf2
Kg7 38.fxg5 hxg5 39.Nxg5 Rd2+ 40.Kf3 Rxh2 41.Ra7 Kg6 42.Kf4 Rf2+ 43.Nf3 Nxe5
44.Kxe5 Rxf3 45.Rb7 Rxg3 46.Kd6 Rd3+ 47.Kc6 f5 48.Kxb5 e5 49.Kc4 e4 50.b5 Rd1
51.b6 Rb1 52.Kc3 Kg5 53.Kc2 Rb5 54.Rb8 Kf4 55.b7 e3 56.Kd3 Rb6 57.Ke2 Rb3 58.Kd1
Kf3 59.Rf8 Rb1+ 60.Kc2 Rxb7 61.Rxf5+ Ke2 62.Rh5 Rc7+ 63.Kb2 Kd2 64.Rd5+ Ke1
65.Rd8 e2 66.Rf8 Rc4 67.Kb3 Rc6 68.Kb2 Rc5 69.Rf7 Kd2 70.Rd7+ Ke3 71.Re7+ Kd3
72.Re8 Rc4

[Event "1. Bundesliga 2010/2011"]
[Site "Graz"]
[Date "2010.11.20"]
[Round "2"]
[Board "4"]
[White "Platzgummer, Fabian"]
[Black "Polzin, Rainer"]
[Result "0-1"]
[WhiteElo "2311"]
[BlackElo "2494"]
[PlyCount "80"]
[EventDate "2010.11.19"]
[EventType "team"]
[EventRounds "11"]
[EventCountry "AUT"]
[WhiteTeam "Mayrhofen/Zillertal"]
[BlackTeam "ASVOE Wulkaprodersdorf"]

1.Nf3 Nf6 2.c4 g6 3.g3 Bg7 4.Bg2 O-O 5.O-O d6 6.d4 Nbd7 7.Nc3 e5 8.h3 exd4
9.Nxd4 Re8 10.e4 a6 11.Bg5 h6 12.Be3 Rb8 13.Qc1 Kh7 14.Rd1 c5 15.Nde2 Qe7 16.a4
Ne5 17.b3 Bd7 18.Ra2 b5 19.cxb5 axb5 20.f4 Nc6 21.axb5 Nb4 22.Ra7 Qe6 23.e5 dxe5
24.fxe5 Qxe5 25.Bf4 Qe6 26.Bxb8 Rxb8 27.Qf4 Rb6 28.Qc7 Be8 29.Kh2 Nc2 30.Qxc5
Rb8 31.Rd2 Qxb3 32.b6 Ne1 33.Bb7 Rxb7 34.Rxb7 Nf3+ 35.Kg2 Nxd2 36.Rc7 Nde4
37.Qe3 Nxc3 38.Rxc3 Qb5 39.Rd3 Bc6+ 40.Kh2 Qb1

[Event "1. Bundesliga 2010/2011"]
[Site "Graz"]
[Date "2010.11.20"]
[Round "2"]
[Board "5"]
[White "Schneider, Ilja"]
[Black "Kleissl, Helmut"]
[Result "1-0"]
[WhiteElo "2511"]
[BlackElo "2300"]
[PlyCount "71"]
[EventDate "2010.11.19"]
[EventType "team"]
[EventRounds "11"]
[EventCountry "AUT"]
[WhiteTeam "ASVOE Wulkaprodersdorf"]
[BlackTeam "Mayrhofen/Zillertal"]

1.d4 g6 2.e4 Bg7 3.Nc3 d6 4.g3 Nc6 5.Nge2 Bg4 6.Qd3 e5 7.d5 Nd4 8.Nxd4 exd4
9.Nb5 c5 10.dxc6 bxc6 11.Nxd4 Ne7 12.Bg2 O-O 13.O-O Qd7 14.Bf4 Rab8 15.f3 Be6
16.Nxe6 Qxe6 17.Qxd6 Rxb2 18.Qxe6 fxe6 19.Rab1 Bd4+ 20.Kh1 Rxa2 21.Bd6 Re8
22.Bh3 Nc8 23.Rfd1 Ra4 24.Rb4 Rxb4 25.Bxb4 c5 26.Ba5 Nb6 27.c3 Bf6 28.Rd6 Kf7
29.Rc6 Na4 30.c4 Bd4 31.Ra6 Nb2 32.Rxa7+ Kf6 33.f4 e5 34.Bd7 Rb8 35.Bc7 Rb4
36.Bg4

[Event "1. Bundesliga 2010/2011"]
[Site "Graz"]
[Date "2010.11.20"]
[Round "2"]
[Board "6"]
[White "Tabernig, Bernhard"]
[Black "Berczes, David"]
[Result "1-0"]
[WhiteElo "2300"]
[BlackElo "2535"]
[PlyCount "113"]
[EventDate "2010.11.19"]
[EventType "team"]
[EventRounds "11"]
[EventCountry "AUT"]
[WhiteTeam "Mayrhofen/Zillertal"]
[BlackTeam "ASVOE Wulkaprodersdorf"]

1.d4 e6 2.c4 d5 3.Nc3 c6 4.Nf3 Nf6 5.cxd5 exd5 6.Bg5 h6 7.Bh4 Bf5 8.Qb3 g5 9.Bg3
Qb6 10.e3 Nbd7 11.Be2 Nh5 12.Be5 Rg8 13.O-O Be7 14.Nd2 Nxe5 15.dxe5 Ng7 16.Rac1
Ne6 17.Na4 Qxb3 18.Nxb3 g4 19.Nd4 Bh7 20.Nxe6 fxe6 21.Nc5 Bxc5 22.Rxc5 a5 23.Rd1
Kd7 24.Rd4 h5 25.Rf4 b6 26.Rc3 Raf8 27.Rxf8 Rxf8 28.f4 d4 29.Ra3 dxe3 30.g3 Kc7
31.Rxe3 Rd8 32.h3 Bf5 33.hxg4 hxg4 34.Bf1 Rd1 35.a3 Rb1 36.b3 b5 37.Kf2 Rb2+
38.Ke1 Rb1+ 39.Kf2 Ra1 40.Rc3 Ra2+ 41.Kg1 Rc2 42.Rxc2 Bxc2 43.b4 axb4 44.axb4 c5
45.Kf2 cxb4 46.Ke3 Kc6 47.Kd4 b3 48.Kc3 b4+ 49.Kb2 Kc5 50.Be2 Bf5 51.Kxb3 Kd4
52.Bd1 Be4 53.Bxg4 Bd5+ 54.Kxb4 Ke3 55.Kc5 Kf2 56.Kd6 Kxg3 57.Bxe6

[Event "1. Bundesliga 2010/2011"]
[Site "Graz"]
[Date "2010.11.20"]
[Round "2"]
[Board "1"]
[White "Bosiocic, Marin"]
[Black "Bartel, Mateusz"]
[Result "1-0"]
[WhiteElo "2561"]
[BlackElo "2638"]
[PlyCount "81"]
[EventDate "2010.11.19"]
[EventType "team"]
[EventRounds "11"]
[EventCountry "AUT"]
[WhiteTeam "ASVOE Signum Siebdruck St.Veit"]
[BlackTeam "SK Advisory Invest Baden"]

1.d4 Nf6 2.c4 e6 3.g3 d5 4.Nf3 dxc4 5.Bg2 c5 6.O-O Nc6 7.dxc5 Qxd1 8.Rxd1 Bxc5
9.Nbd2 c3 10.bxc3 Bd7 11.Ng5 Be7 12.Nc4 Rc8 13.Bf4 Nd8 14.Ne5 h6 15.Ne4 Nxe4
16.Bxe4 Bb5 17.Bd3 Ba4 18.Rdc1 O-O 19.Nc4 b6 20.Nb2 Bc6 21.a4 Nb7 22.Ba6 Rcd8
23.Bxb7 Bxb7 24.a5 bxa5 25.Rxa5 a6 26.Nd3 Rd5 27.Ra2 Rb5 28.c4 Rb3 29.c5 Rc8
30.Be3 f6 31.f4 Kf7 32.Kf2 Rb5 33.Ra4 a5 34.Bd2 Bd8 35.Rca1 Ra8 36.Ke3 Bc6
37.R4a3 Bc7 38.Kd4 Ke7 39.Kc4 Kd7 40.Nb4 Bd8 41.Rd3+

[Event "1. Bundesliga 2010/2011"]
[Site "Graz"]
[Date "2010.11.20"]
[Round "2"]
[Board "2"]
[White "Socko, Bartosz"]
[Black "Ribli, Zoltan"]
[Result "0-1"]
[WhiteElo "2660"]
[BlackElo "2577"]
[PlyCount "68"]
[EventDate "2010.11.19"]
[EventType "team"]
[EventRounds "11"]
[EventCountry "AUT"]
[WhiteTeam "SK Advisory Invest Baden"]
[BlackTeam "ASVOE Signum Siebdruck St.Veit"]

1.e4 c5 2.Nf3 e6 3.d4 cxd4 4.Nxd4 Nc6 5.Nc3 Qc7 6.Be3 a6 7.Qd2 Nf6 8.O-O-O Bb4
9.f3 Ne5 10.Nb3 b5 11.Qf2 O-O 12.Bc5 Bxc5 13.Qxc5 Qxc5 14.Nxc5 d5 15.f4 Neg4
16.e5 Nd7 17.Nd3 Bb7 18.Re1 Rac8 19.Nd1 d4 20.Be2 Nh6 21.Rhg1 Rc7 22.N1f2 Nf5
23.Bf3 Bxf3 24.gxf3 Rfc8 25.Re2 Ne3 26.Ne1 Nb6 27.Rd2 Nbd5 28.Nfd3 a5 29.Kb1 Kf8
30.Rh1 b4 31.Nc1 a4 32.Ne2 a3 33.Rxd4 Rxc2 34.Nxc2 Rxc2

[Event "1. Bundesliga 2010/2011"]
[Site "Graz"]
[Date "2010.11.20"]
[Round "2"]
[Board "3"]
[White "Rogic, Davor"]
[Black "Balogh, Csaba"]
[Result "0-1"]
[WhiteElo "2602"]
[BlackElo "2601"]
[PlyCount "60"]
[EventDate "2010.11.19"]
[EventType "team"]
[EventRounds "11"]
[EventCountry "AUT"]
[WhiteTeam "ASVOE Signum Siebdruck St.Veit"]
[BlackTeam "SK Advisory Invest Baden"]

1.e4 e5 2.Nf3 Nc6 3.Bb5 Nf6 4.O-O Nxe4 5.d4 Nd6 6.Bxc6 dxc6 7.dxe5 Nf5 8.Qxd8+
Kxd8 9.Nc3 Ke8 10.h3 h6 11.a3 Bd7 12.Re1 Rd8 13.Ne2 c5 14.g4 Bc6 15.gxf5 Bxf3
16.Nf4 Rd1 17.Be3 Rxa1 18.Rxa1 Be4 19.f6 gxf6 20.exf6 Rg8+ 21.Kf1 Bxc2 22.Ke2
Bb3 23.Rc1 b6 24.Rc3 c4 25.Nh5 Rg1 26.Ng7+ Kd7 27.Bxh6 Rb1 28.Nf5 Rxb2+ 29.Kf3
Bxa3 30.Bc1 Rc2

[Event "1. Bundesliga 2010/2011"]
[Site "Graz"]
[Date "2010.11.20"]
[Round "2"]
[Board "4"]
[White "Shengelia, David"]
[Black "Hoelzl, Franz"]
[Result "1-0"]
[WhiteElo "2573"]
[BlackElo "2336"]
[PlyCount "83"]
[EventDate "2010.11.19"]
[EventType "team"]
[EventRounds "11"]
[EventCountry "AUT"]
[WhiteTeam "SK Advisory Invest Baden"]
[BlackTeam "ASVOE Signum Siebdruck St.Veit"]

1.d4 Nf6 2.Nf3 d5 3.e3 e6 4.Bd3 Nbd7 5.O-O b6 6.c4 Bb7 7.cxd5 exd5 8.Nc3 Bd6
9.Qc2 O-O 10.Nb5 Ne4 11.Nxd6 cxd6 12.Nd2 Rc8 13.Qd1 Re8 14.Nb1 Nb8 15.f3 Nf6
16.Nc3 Nc6 17.Bd2 a6 18.g4 b5 19.Ne2 Qb6 20.Qe1 Ne7 21.Ng3 Nd7 22.Rf2 Nf8 23.Rg2
Rc6 24.Ba5 Qa7 25.Nf5 Bc8 26.Qg3 Nxf5 27.gxf5 f6 28.Kh1 Qf7 29.Rag1 Re7 30.e4
Bb7 31.exd5 Rc8 32.Be4 Rd7 33.Qh4 Kh8 34.Bd2 Bxd5 35.Rxg7 Bxe4 36.fxe4 Qxg7
37.Rxg7 Rxg7 38.Qxf6 Nd7 39.Qxd6 Rc2 40.Bf4 Re2 41.Bg3 Rxe4 42.f6

[Event "1. Bundesliga 2010/2011"]
[Site "Graz"]
[Date "2010.11.20"]
[Round "2"]
[Board "5"]
[White "Kaspret, Guido"]
[Black "Turov, Maxim"]
[Result "0-1"]
[WhiteElo "2291"]
[BlackElo "2635"]
[PlyCount "76"]
[EventDate "2010.11.19"]
[EventType "team"]
[EventRounds "11"]
[EventCountry "AUT"]
[WhiteTeam "ASVOE Signum Siebdruck St.Veit"]
[BlackTeam "SK Advisory Invest Baden"]

1.Nf3 Nf6 2.c4 e6 3.g3 a6 4.Bg2 b5 5.b3 c5 6.O-O Bb7 7.Bb2 Be7 8.d3 O-O 9.e4 d6
10.Nc3 bxc4 11.bxc4 Nfd7 12.Rb1 Nc6 13.Ne2 Rb8 14.Bc3 Bf6 15.Qd2 Bxc3 16.Qxc3
Ba8 17.Nd2 Qf6 18.Qxf6 gxf6 19.Rxb8 Rxb8 20.Rb1 Rxb1+ 21.Nxb1 Nb4 22.Nc1 Ne5
23.Bf1 f5 24.Nd2 fxe4 25.dxe4 Nec6 26.f3 Nd4 27.Kf2 Kf8 28.Bd3 Bc6 29.Bb1 Ba4
30.Ne2 Bc2 31.Bxc2 Ndxc2 32.Nc1 Ke7 33.Nb1 Nc6 34.Nb3 Ne5 35.N3d2 Nb4 36.a3
Nbd3+ 37.Ke2 Nb2 38.f4 Nexc4

[Event "1. Bundesliga 2010/2011"]
[Site "Graz"]
[Date "2010.11.20"]
[Round "2"]
[Board "6"]
[White "Baumegger, Siegfried"]
[Black "Hebesberger, Thomas"]
[Result "1-0"]
[WhiteElo "2398"]
[BlackElo "2336"]
[PlyCount "87"]
[EventDate "2010.11.19"]
[EventType "team"]
[EventRounds "11"]
[EventCountry "AUT"]
[WhiteTeam "SK Advisory Invest Baden"]
[BlackTeam "ASVOE Signum Siebdruck St.Veit"]

1.d4 g6 2.c4 Bg7 3.e4 d6 4.Nc3 e5 5.d5 a5 6.Bd3 Na6 7.Nge2 Nc5 8.Bc2 h5 9.O-O h4
10.a3 Bh6 11.Bxh6 Nxh6 12.b4 Nd7 13.Qd2 Kf8 14.Na4 axb4 15.axb4 Kg7 16.c5 Qf6
17.h3 g5 18.f3 Ng8 19.Nec3 Ne7 20.Nb5 dxc5 21.Nxc7 Rxa4 22.Bxa4 cxb4 23.Qxb4 Ng6
24.d6 Nf4 25.Nd5 Nxd5 26.exd5 Rd8 27.Rac1 Nf8 28.Rc7 Bf5 29.Qxb7 Rxd6 30.Rc6 Ng6
31.Qb4 Rxc6 32.dxc6 Nf4 33.Qd2 Qe7 34.Kh1 Qc5 35.Rc1 Qa7 36.Bc2 Qa2 37.c7 Be6
38.Qc3 Qa6 39.Qxe5+ f6 40.Qe4 Qc8 41.Qh7+ Kf8 42.Qh8+ Kf7 43.Qxc8 Bxc8 44.Rd1

[Event "1. Bundesliga 2010/2011"]
[Site "Graz"]
[Date "2010.11.20"]
[Round "2"]
[Board "3"]
[White "Baramidze, David"]
[Black "Rapport, Richard"]
[Result "1-0"]
[WhiteElo "2554"]
[BlackElo "2540"]
[PlyCount "35"]
[EventDate "2010.11.19"]
[EventType "team"]
[EventRounds "11"]
[EventCountry "AUT"]
[WhiteTeam "SK Hohenems"]
[BlackTeam "SK Sparkasse Fuerstenfeld"]

1.Nf3 d5 2.c4 d4 3.e3 Nc6 4.exd4 Nxd4 5.Nxd4 Qxd4 6.Nc3 c6 7.d3 Nh6 8.Ne2 Qb6
9.Ng3 Ng4 10.d4 e5 11.h3 Nf6 12.dxe5 Bb4+ 13.Bd2 Bg4 14.Qc2 O-O-O 15.Bxb4 Qxb4+
16.Qc3 Qb6 17.hxg4 Nxg4 18.c5

[Event "1. Bundesliga 2010/2011"]
[Site "Graz"]
[Date "2010.11.20"]
[Round "2"]
[Board "4"]
[White "Pinter, Jozsef"]
[Black "Atlas, Valery"]
[Result "1-0"]
[WhiteElo "2521"]
[BlackElo "2428"]
[PlyCount "159"]
[EventDate "2010.11.19"]
[EventType "team"]
[EventRounds "11"]
[EventCountry "AUT"]
[WhiteTeam "SK Sparkasse Fuerstenfeld"]
[BlackTeam "SK Hohenems"]

1.d4 Nf6 2.c4 c5 3.d5 e5 4.Nc3 d6 5.e4 Nbd7 6.g3 g6 7.Bg2 Bg7 8.Bg5 a6 9.a4 O-O
10.Nf3 Qe8 11.Nd2 Nh5 12.Bf3 h6 13.Be3 Ndf6 14.h3 b6 15.Kf1 Bd7 16.Kg2 Qe7
17.Ra3 Rab8 18.Be2 Nh7 19.Bxh5 gxh5 20.Qxh5 f5 21.exf5 Rxf5 22.Qe2 Rff8 23.Nde4
Bf5 24.f3 Rb7 25.Raa1 Qd8 26.Qd2 h5 27.Raf1 Rbf7 28.b3 Bg6 29.Rf2 Kh8 30.Qe2 Rg8
31.Bd2 Bf8 32.Rhf1 Bf5 33.Kh2 Qc8 34.g4 Bd7 35.Rg1 Rfg7 36.Rfg2 Qe8 37.Nd1 hxg4
38.fxg4 Be7 39.Ne3 Qg6 40.Nf1 Nf8 41.Nfg3 Qh7 42.Nh5 Rf7 43.Rg3 Ng6 44.Bg5 Nf4
45.Bxf4 exf4 46.Rf3 Qh6 47.Qb2+ Kh7 48.Qc2 Kh8 49.Qc3+ Kh7 50.Qd3 Kh8 51.Qd2
Rgf8 52.Rgf1 Bg5 53.Qb2+ Kg8 54.Qf2 Re8 55.Nxg5 Qxg5 56.Rxf4 Rxf4 57.Nxf4 Qe5
58.Qg3 Rf8 59.Rf3 b5 60.axb5 axb5 61.Qf2 bxc4 62.bxc4 Ba4 63.Kg3 Bd1 64.Rd3 Bc2
65.Re3 Be4 66.Re2 Re8 67.Qe3 Qa1 68.Ne6 Bg6 69.Kh2 Qf1 70.Rf2 Qa1 71.h4 Qe5+
72.Qxe5 dxe5 73.h5 Bd3 74.Nxc5 Bxc4 75.d6 Rd8 76.Rf6 Bd5 77.Kg3 Kg7 78.g5 Ra8
79.h6+ Kh7 80.d7

[Event "1. Bundesliga 2010/2011"]
[Site "Graz"]
[Date "2010.11.20"]
[Round "2"]
[Board "5"]
[White "Baldauf, Marco"]
[Black "Kilgus, Georg"]
[Result "0-1"]
[WhiteElo "2347"]
[BlackElo "2375"]
[PlyCount "72"]
[EventDate "2010.11.19"]
[EventType "team"]
[EventRounds "11"]
[EventCountry "AUT"]
[WhiteTeam "SK Hohenems"]
[BlackTeam "SK Sparkasse Fuerstenfeld"]

1.d4 c5 2.d5 e5 3.c4 d6 4.e4 Be7 5.Nc3 Bg5 6.Bxg5 Qxg5 7.g3 Nh6 8.Bg2 O-O 9.Nge2
f5 10.f4 exf4 11.Nxf4 Na6 12.O-O Nc7 13.e5 dxe5 14.d6 Ne6 15.d7 exf4 16.dxc8=Q
Raxc8 17.Bd5 Rce8 18.Re1 Rf6 19.Qd2 Kf8 20.Bxe6 Rfxe6 21.Rxe6 Rxe6 22.Nd5 Qd8
23.Qxf4 Qd6 24.Qf2 g6 25.b4 cxb4 26.Qxa7 Nf7 27.Rf1 b6 28.Qa4 Qc5+ 29.Rf2 Rd6
30.Qa7 Kg7 31.Nc7 Rd1+ 32.Kg2 Qc6+ 33.Kh3 Ng5+ 34.Kh4 Rd4+ 35.Rf4 Nf3+ 36.Kh3
Ng1+

[Event "1. Bundesliga 2010/2011"]
[Site "Graz"]
[Date "2010.11.20"]
[Round "2"]
[Board "6"]
[White "Radnetter, Georg"]
[Black "Froewis, Georg"]
[Result "0-1"]
[WhiteElo "2290"]
[BlackElo "2284"]
[PlyCount "96"]
[EventDate "2010.11.19"]
[EventType "team"]
[EventRounds "11"]
[EventCountry "AUT"]
[WhiteTeam "SK Sparkasse Fuerstenfeld"]
[BlackTeam "SK Hohenems"]

1.e4 e6 2.d4 d5 3.Nc3 Bb4 4.e5 c5 5.a3 Bxc3+ 6.bxc3 Ne7 7.Nf3 Bd7 8.Rb1 Qc7
9.Bf4 b6 10.Qd2 c4 11.h4 Ba4 12.h5 h6 13.g3 Nbc6 14.Bg2 O-O-O 15.Rb2 Rdg8 16.Kf1
Qd8 17.Nh4 Qf8 18.Bh3 Kd7 19.Ng2 Kc7 20.Ra2 Kb7 21.Ne3 Qd8 22.Ke2 Re8 23.Kd1 Qd7
24.Re1 Nd8 25.Bg2 Ndc6 26.Bh3 Ng8 27.Kc1 g5 28.hxg6 fxg6 29.Nd1 g5 30.Be3 Na5
31.Rb2 Qe7 32.Rb4 Bd7 33.Kb1 Nc6 34.Rb2 Qxa3 35.Rh1 Qf8 36.Bg4 Nge7 37.f4 Nf5
38.Bxf5 Qxf5 39.fxg5 hxg5 40.Rxh8 Rxh8 41.Bxg5 Rh1 42.Bf6 Qg4 43.Kc1 Be8 44.Rb1
Bh5 45.Kb2 Rxd1 46.Rxd1 Qxd1 47.Qh6 Bg4 48.Qg7+ Ka6

[Event "1. Bundesliga 2010/2011"]
[Site "Graz"]
[Date "2010.11.21"]
[Round "3"]
[Board "1"]
[White "Kurnosov, Igor"]
[Black "Volokitin, Andrei"]
[Result "0-1"]
[WhiteElo "2653"]
[BlackElo "2677"]
[PlyCount "72"]
[EventDate "2010.11.19"]
[EventType "team"]
[EventRounds "11"]
[EventCountry "AUT"]
[WhiteTeam "SK Sparkasse Fuerstenfeld"]
[BlackTeam "SK Sparkasse Jenbach"]

1.e4 e5 2.Nf3 Nc6 3.Bb5 Nf6 4.d3 Bc5 5.c3 O-O 6.Bxc6 bxc6 7.Nxe5 d5 8.d4 Bb6
9.O-O Nxe4 10.Nxc6 Qd6 11.Nb4 a5 12.Nd3 c5 13.Bf4 Qf6 14.Be5 Qg5 15.Qc1 Qe7
16.Re1 c4 17.Nf4 Bb7 18.Bxg7 Kxg7 19.f3 f5 20.Na3 Bc7 21.Nb5 Bb8 22.fxe4 fxe4
23.Rf1 Kg8 24.Qe3 Qg5 25.Nxd5 Qxd5 26.Rxf8+ Kxf8 27.Qh6+ Ke8 28.Rf1 Qg8 29.Rf5
Ra6 30.Qe3 Qg4 31.Rf2 Qh5 32.d5 Bxh2+ 33.Kf1 Qd1+ 34.Qe1 Qxe1+ 35.Kxe1 Bg3
36.Ke2 Rb6

[Event "1. Bundesliga 2010/2011"]
[Site "Graz"]
[Date "2010.11.21"]
[Round "3"]
[Board "2"]
[White "Gustafsson, Jan"]
[Black "Pinter, Jozsef"]
[Result "1/2-1/2"]
[WhiteElo "2647"]
[BlackElo "2521"]
[PlyCount "62"]
[EventDate "2010.11.19"]
[EventType "team"]
[EventRounds "11"]
[EventCountry "AUT"]
[WhiteTeam "SK Sparkasse Jenbach"]
[BlackTeam "SK Sparkasse Fuerstenfeld"]

1.d4 Nf6 2.c4 e6 3.Nf3 d5 4.g3 Bb4+ 5.Bd2 Be7 6.Bg2 O-O 7.O-O c6 8.Bf4 Nh5 9.Bc1
b6 10.Nc3 Nf6 11.Bf4 Bb7 12.Rc1 dxc4 13.Ne5 Nd5 14.Nxc4 Nxf4 15.gxf4 Nd7 16.e3
Rc8 17.a3 Nf6 18.b4 Ba6 19.Qb3 Bxc4 20.Qxc4 Nd5 21.Qb3 g6 22.Rc2 Nxc3 23.Rxc3 c5
24.dxc5 bxc5 25.b5 Qb6 26.Rd1 Rfd8 27.Rxd8+ Rxd8 28.Rd3 Rxd3 29.Qxd3 Qa5 30.Bf1
c4 31.Qxc4 Qxa3

[Event "1. Bundesliga 2010/2011"]
[Site "Graz"]
[Date "2010.11.21"]
[Round "3"]
[Board "4"]
[White "Schlosser, Philipp"]
[Black "Kuba, Guenter"]
[Result "1/2-1/2"]
[WhiteElo "2568"]
[BlackElo "2389"]
[PlyCount "61"]
[EventDate "2010.11.19"]
[EventType "team"]
[EventRounds "11"]
[EventCountry "AUT"]
[WhiteTeam "SK Sparkasse Jenbach"]
[BlackTeam "SK Sparkasse Fuerstenfeld"]

1.Nf3 Nc6 2.d4 d5 3.e3 Nf6 4.Nbd2 a6 5.c4 e6 6.a3 dxc4 7.Bxc4 Bd6 8.b4 e5 9.b5
axb5 10.Bxb5 exd4 11.Nxd4 Bd7 12.Nxc6 bxc6 13.Bc4 O-O 14.Bb2 Qe7 15.Qc1 Ra5
16.Be2 Be6 17.Nc4 Bxc4 18.Qxc4 Rb8 19.Bd4 Rxa3 20.O-O Rxa1 21.Rxa1 c5 22.Bc3 Ne4
23.Rc1 Bxh2+ 24.Kxh2 Qh4+ 25.Kg1 Qxf2+ 26.Kh2 Rb6 27.Bh5 Rh6 28.Qd5 Qg3+ 29.Kh1
Qh4+ 30.Kg1 Qf2+ 31.Kh2

[Event "1. Bundesliga 2010/2011"]
[Site "Graz"]
[Date "2010.11.21"]
[Round "3"]
[Board "5"]
[White "Radnetter, Georg"]
[Black "Boensch, Uwe"]
[Result "0-1"]
[WhiteElo "2290"]
[BlackElo "2520"]
[PlyCount "70"]
[EventDate "2010.11.19"]
[EventType "team"]
[EventRounds "11"]
[EventCountry "AUT"]
[WhiteTeam "SK Sparkasse Fuerstenfeld"]
[BlackTeam "SK Sparkasse Jenbach"]

1.e4 c5 2.Nf3 e6 3.d4 cxd4 4.Nxd4 Nc6 5.Nc3 d6 6.Be2 Nf6 7.Be3 Be7 8.O-O O-O
9.f4 Bd7 10.Kh1 Nxd4 11.Bxd4 Bc6 12.Qd3 b5 13.a3 Qb8 14.Bf3 Nd7 15.f5 e5 16.Be3
Rc8 17.g4 Nc5 18.Bxc5 dxc5 19.Nd5 Bg5 20.Bg2 c4 21.Qg3 Bxd5 22.exd5 Qd6 23.Be4
Rab8 24.c3 Rb6 25.Rf3 Qe7 26.Raf1 Bf4 27.Qg2 a5 28.f6 Qxf6 29.g5 Qd8 30.Qg4 g6
31.h4 Rc7 32.Ra1 Rd6 33.Rff1 Kh8 34.Kg2 h6 35.gxh6 f5

[Event "1. Bundesliga 2010/2011"]
[Site "Graz"]
[Date "2010.11.21"]
[Round "3"]
[Board "6"]
[White "Lehner, Oliver"]
[Black "Postl, Anton"]
[Result "1-0"]
[WhiteElo "2431"]
[BlackElo "2286"]
[PlyCount "69"]
[EventDate "2010.11.19"]
[EventType "team"]
[EventRounds "11"]
[EventCountry "AUT"]
[WhiteTeam "SK Sparkasse Jenbach"]
[BlackTeam "SK Sparkasse Fuerstenfeld"]

1.c4 Nf6 2.Nc3 g6 3.g3 Bg7 4.Bg2 O-O 5.d4 d6 6.h3 e5 7.dxe5 dxe5 8.Qxd8 Rxd8
9.Bg5 Rd7 10.Nf3 Nc6 11.O-O h6 12.Be3 a6 13.g4 Rb8 14.Rac1 Ne8 15.Nd5 Ne7
16.Rfd1 Nxd5 17.cxd5 b6 18.g5 Bb7 19.gxh6 Bh8 20.Ng5 Rbd8 21.h7+ Kf8 22.f4 Bxd5
23.fxe5 Bxg2 24.Rxd7 Rxd7 25.Kxg2 Bxe5 26.Rf1 f5 27.Bf4 Bxb2 28.e4 Kg7 29.e5 Re7
30.Rd1 a5 31.Rd8 a4 32.e6 Bf6 33.Rd7 Kh8 34.Be5 Rg7 35.Bxf6